Θεωρίες για την υπεραξία
Saved in:
| Main Author: | |
|---|---|
| Other Authors: | |
| Format: | Book |
| Language: | Greek |
| Published: |
Αθήνα :
Σύγχρονη εποχή,
1984
|
| Subjects: | |
| Tags: |
Add Tag
No Tags, Be the first to tag this record!
|
MARC
| LEADER | 00000cam a2200000 i 4500 | ||
|---|---|---|---|
| 001 | 1/41043 | ||
| 008 | 960430s1984 gr ||| | gre|| | ||
| 035 | |l 10025341 | ||
| 040 | |a GR-MY-UA |b gre |e aacr | ||
| 041 | 0 | |a gre | |
| 082 | 0 | |a 335.412 | |
| 100 | 1 | |a Marx, Karl, |d 1818-1883. | |
| 245 | 1 | 0 | |a Θεωρίες για την υπεραξία / |c Karl Marx ; Π. Μαυρομμάτης. |
| 260 | |a Αθήνα : |b Σύγχρονη εποχή, |c 1984 | ||
| 300 | |a 3 τ. | ||
| 500 | |a Τέταρτος τόμος του Κεφαλαίου | ||
| 650 | 0 | 0 | |a Capital. |
| 650 | 0 | 0 | |a Marxian economics. |
| 650 | 0 | 0 | |a Economics. |
| 700 | 1 | |a Μαυρομμάτης, Παναγιώτης. | |
| 852 | |a INST |b CHIOS |e 19960430 |h 335.412 MAR |p 005200005185 |q 005200005185 |t BK |y 0 |z v.3 | ||
| 852 | |a INST |b CHIOS |e 19960430 |h 335.412 MAR |p 005200005186 |q 005200005186 |t BK |y 0 |z v.2 | ||
| 852 | |a INST |b CHIOS |e 19960430 |h 335.412 MAR |p 005200005281 |q 005200005281 |t BK |y 0 |z v.1 | ||
| 852 | |a INST |b CHIOS |e 19960430 |h 335.412 MAR |p 005200005282 |q 005200005282 |t BK |y 0 |z v.1 | ||
| 852 | |a INST |b CHIOS |e 19960430 |h 335.412 MAR |p 005200005185 |q 005200005185 |t BK |v v.3: |y 0 |z v.3 | ||
| 852 | |a INST |b CHIOS |e 19960430 |h 335.412 MAR |p 005200005186 |q 005200005186 |t BK |v v.2: |y 0 |z v.2 | ||
| 852 | |a INST |b CHIOS |e 19960430 |h 335.412 MAR |p 005200005281 |q 005200005281 |t BK |v v.1: |y 0 |z v.1 | ||
| 852 | |a INST |b CHIOS |e 19960430 |h 335.412 MAR |p 005200005282 |q 005200005282 |t BK |v v.1: |y 0 |z v.1 | ||
| 853 | |a INST |b CHIOS |h 335.412 MAR | ||